Ciencias Sociales y giro culturalista: promesa pendiente /
Guardado en:
| Hovedforfatter: | |
|---|---|
| Format: | Texto |
| Tags: |
Tilføj Tag
Ingen Tags, Vær først til at tagge denne postø!
|
MARC
| LEADER | 00000 a a2200000 04500 | ||
|---|---|---|---|
| 001 | 47712 | ||
| 003 | |||
| 040 | |||
| 100 | |a Narváez Montoya, Ancízar | ||
| 245 | |a Ciencias Sociales y giro culturalista: |b promesa pendiente / |c Ancízar Narváez Montoya | ||
| 773 | |g número41, (2014), páginas 97-113 | ||
| 999 | |c 26615 |d 26615 | ||
